000 nam a22 7a 4500
999 _c8698
_d8698
008 180119b ||||| |||| 00| 0 eng d
100 _aBhattacharya.S.etal.
_95049
245 _aEnvironment
260 _aNew Delhi
_bNCERT
_c2002